Quiz: Le plat préféré des Français - Statistiques

Statistiques générales
  • Ce quiz a été pris 90 fois
  • Le résultat moyen est 5 sur 10
Statistiques - réponses
Question Réponse % Correct
Quel est le plat du midi le plus commandé dans les restaurants français selon les études de la restauration ? Steak Frites
78%
Quel plat arrive systématiquement en tête des sondages sur le plat préféré des Français depuis des années ? Boeuf Bourguignon
76%
Selon les sondages, quel est le repas de Noël préféré des Français, celui qu'ils mettent le plus souvent au menu ? Foie Gras
58%
Selon les études de consommation, quel apéritif est le plus consommé en France juste avant les repas ? Pastis
53%
Quel est l'aliment que les Français considèrent comme le plus indispensable à leur alimentation quotidienne selon les sondages Ifop ? La baguette
49%
Quelle est la quantité de baguettes vendues en France chaque jour, ce qui en fait le produit alimentaire le plus vendu du pays ? 16 millions
47%
Quel dessert français est le plus commandé au restaurant selon les études de la restauration française ? Crème Brûlée
43%
Quelle est la viennoiserie préférée des Français selon les enquêtes de consommation ? Pain au chocolat
43%
Quelle est la pizza la plus commandée en France selon les études des applications de livraison ? Reine
30%
Quelle sauce est la plus consommée en France, présente dans presque tous les foyers selon les études Nielsen ? Mayonnaise
27%
Aucun quiz correspondant
Distribution des résultats
% des personnes avec chaque résultat
Percentile par nombre de réponses
Votre historique - résultats
Vous n’avez pas pris ce quiz